Statystyki dla Odgadnij kraj po jego języku urzędowym

Kliknij tutaj aby rozwiązać quiz!

Ogólne statystyki

  • Ten quiz został rozwiązany 30 razy
    (22 od ostatniego zresetowania)
  • Średni wynik to 12 z 15

Statystyki odpowiedzi

JęzykPaństwo% Poprawnych
chiński / mandaryńskiChiny / Tajwan
100%
hebrajski, kiedyś też aramejskiIzrael
100%
polskiPolska
100%
rumuńskiRumunia / Mołdawia
100%
francuski, niderlandzki, niemieckiBelgia
95%
angielski, fidżyjski, hindustaniFidżi
95%
szwedzki, fińskiFinlandia
95%
francuski, włoski, niemiecki, retoromańskiSzwajcaria
95%
łacina, włoskiWatykan
95%
afrikaans, angielski, xhosa, ndebele, pedi, soto, suazi, tsonga, tswana, venda, zuluPołudniowa Afryka
90%
ormiańskiArmenia
85%
oficjalnie brakStany Zjednoczone / Meksyk / Wielka Brytania
65%
suahili, angielskiTanzania
45%
angielski, tok pisin, hiri motuPapua Nowa Gwinea
25%
francuski, kabije, eweTogo
20%

Rozkład punktacji

Percentyl według liczby udzielonych odpowiedzi

Procent ludzi z każdym wynikiem

Twoja historia wyników

Nie rozwiązałeś tego quizu od ostatniego zresetowania